000 00554nam a2200181 i 4500
001 26390
003 ES-MaACL
005 20231221174614.0
007 t|
008 030109s1928 sp ||||1| spa d
100 1 _aArtiles, Jenaro,
_d1897-1976
_923479
245 1 0 _aCuriosidades bibliográficas del Archivo de Villa (Madrid) /
_cJenaro Artiles Rodríguez.
260 _aMadrid :
_b[s.n.,
_c1928] (
_fImp. Municipal)
300 _a14 p. ;
_c24 cm.
852 _aES-MaACL
_j1726-F-20
852 _aES-MaACL
_j1721-F-1
999 _c26390
_d26390